The 13th extraordinary congress of the Communist Party of Japan, Tokyo, July 28-30, 1976 /

Kaydedildi:
Detaylı Bibliyografya
Müşterek Yazar: Nihon Kyōsantō. Chūō Iinkai
Materyal Türü: Kitap
Dil:English
Baskı/Yayın Bilgisi: Tokyo : The Committee, 1976.
Konular:
LEADER 01032nam a2200253 i 4500
001 c000236092
003 CARM
005 00000000000000.0
008 841004s1976 ja 000 0 eng d
019 1 |a 1354118  |5 LACONCORD2021 
035 |a (OCoLC)4640700  |5 LACONCORD2021 
041 0 |a engjpn 
043 |a a-ja--- 
082 0 4 |a 329.9/52 
110 2 |a Nihon Kyōsantō.  |b Chūō Iinkai. 
240 1 0 |a Nihon Kyosanto daijusankai rinji taikai.  |l English 
245 1 4 |a The 13th extraordinary congress of the Communist Party of Japan, Tokyo, July 28-30, 1976 /  |c [Central Committee of the Communist Party of Japan]. 
260 |a Tokyo :  |b The Committee,  |c 1976. 
300 |a 258 p. ;  |c 21 cm. 
610 2 0 |a Nihon Kyōsantō  |x Congresses. 
651 0 |a Japan  |x Politics and government  |y 1945-  |x Congresses. 
852 8 |b CARM  |h A2:AQ21A0  |i B06902  |p 0332419  |f BK 
999 f f |i 86901198-fcc6-55ad-a668-ad348567cb20  |s 4ec3095f-6e14-51a2-b77a-bf1cc75cec95 
952 f f |p Can circulate  |a CAVAL  |b CAVAL  |c CAVAL  |d CARM 1 Store  |e B06902  |f A2:AQ21A0  |h Other scheme  |i book  |m 0332419